000 01635nam a22002897a 4500
003 OSt
005 20260327145155.0
008 260326t1985 xxu||||| |||| 00| 0 spa d
020 _a8476342845
040 _aUnicoc
_bspa
_c00001
_d00001
082 _a813.54
100 _912755
_aSkinner, Burrhus Frederic
245 _aWalden dos
_c/ Burrhus Frederic Skinner
250 _a1 Ed.
260 _aArgentina :
_bOrbis ,
_c1985
300 _a267 páginas
440 _912807
_aPensamiento
_n20
520 _aWalden dos es una novela utópica publicada en 1948 en la que B. F. Skinner presenta, a través de un relato ficticio, una comunidad experimental organizada según los principios del conductismo radical y el condicionamiento operante. La historia sigue a un grupo de visitantes —entre ellos un psicólogo y antiguos compañeros de universidad— que llega a Walden Dos, una comunidad autosuficiente fundada y dirigida por Frazier, su principal ideólogo. A lo largo de la novela, Frazier explica cómo la comunidad ha sido diseñada científicamente para producir bienestar, cooperación y estabilidad social, eliminando muchos de los problemas tradicionales de la sociedad.
526 _5Unicoc
546 _aEspañol
650 0 _95806
_aNovela estadounidense
650 0 _95805
_aLiteratura estadounidense
650 0 _94928
_aDemocracia
_vNovela
658 0 _910741
_aPrograma de Psicología
856 _uhttps://unicoceduco-my.sharepoint.com/:b:/g/personal/direccionbiblioteca_unicoc_edu_co/IQB7FfXB0idWRbQ1pJgS14MzAfwlg1ZbxBofg0-0QjbEvqQ
_yAcceso online exclusivo para comunidad Unicoc.
942 _2ddc
_cLITERATURA
999 _c10789
_d10789